000 00607nam a2200205 a 4500
001 000024453
005 20200930023200.0
008 110127s1977 sp r 001 0 spa d
020 _a8432503207
040 _aDO-SdBNP
_bspa
_cBNPHU
082 _ann*
_bnn*
100 1 _aPaine, Thomas.
_950129
245 1 4 _aLos derechos del hombre /
_cThomas Paine ; traducción Agustín Jiménez.
260 _aMadrid :
_bDoncel,
_c1977.
300 _a295 p. ;
_c22 cm.
490 1 _aEl libro de bolsillo.
_v99
700 1 _aJiménez, Agustín,
_etr.
_950130
830 0 _aEl libro de bolsillo
_v99
_94072
049 _aBNGR
999 _c23946
_d23946